Etelä-Savon urheiluseuroja - Statistics

Yleistilastot
  • Tätä visaa on pelattu 17 kertaa
  • Keskiarvotulos 3 / 7
Vastaustilastot
Kuvavisa Hint Vastaus % Oikein
Liiga Mikkelin Jukurit
93%
Ykkösliiga Mikkelin Palloilijat
87%
Suomi-sarja Savonlinnan Pallokerho
53%
M Bandy-Liiga Kampparit
40%
suunnistus Navi
27%
N Futsal-Liiga Porrassalmen Urheilijat -62
27%
M Lentopallon 1-sarja East Volley
0%
Ehtoja vastaavia visoja ei löytynyt
Tulosjakauma
Jokaisen tuloksen saaneiden osuus
Persentiili vastausten määrän mukaan
Tuloshistoriasi
Et ole pelannut tätä visaa